00837nam a2200217 a 450000100100000000500170001000800410002704000250006808200170009310000330011024501170014326000350026030000330029549000300032850000430035870000340040183000370043504900090047295201210048199900170060200002394020200930022603.0110117s1955 ag a r 000 0 spa d aDO-SdBNPbspacBNPHU axxxxxbS246f1 aSarmiento, Domingo F.94925210aFacundo :bo civilización y barbarie en las pampas argentinas /cDomingo F. Sarmiento ; prólogo Raul Moglia. aBuenos Aires :bPeuser,c1955. axiv, 312 p. :bil. ;c27 cm.1 aXiolografías de Nicasio aIncluye notas al pie de las páginas.1 aMoglia, raul,epról.949253 0aXiolografías de Nicasio949254 aBNGR 001054708MOaGRbGRcCTd2011-01-17iLF1l0oxxxxx S246fp23940-10r2020-06-25w2020-06-25y4ZPréstamo en sala c23436d23436